| 000 | 01582cad a22002415a 4500 | ||
|---|---|---|---|
| 001 | L140734 | ||
| 008 | 071009e20071008xxk f f000 0 eng d | ||
| 035 | _a(Sirsi) u140734 | ||
| 041 | 0 | _aeng | |
| 050 | 0 | 4 | _a692.2 |
| 110 | 1 |
_aUnited Kingdom _bDepartment for Communities and Local Government _94939 |
|
| 245 | 0 | 0 |
_aEnabling electronic communication of building control transactions _bconsultation paper $[ electronic resource] |
| 260 |
_aLondon _bDCLG _c2007 |
||
| 520 | _aConsultation paper seeking views on proposed amendments to the Building Act 1984, Building Regulations 2000 and Building (Approved Inspectors etc) Regulations 2000. The amendments are intended to enable the electronic communication of building control transactions; to enable some transactions to be performed without signatures; and to enable the use of electronic signatures. Intended to bring legislation into line with industry practice and expectations. It is hoped that they will reduce the administrative workload associated with these transactions, enabling a more efficient delivery of services. Responses are due by 7 January 2008. | ||
| 590 | _aKA NTK | ||
| 650 | 2 | 4 | _aBUILDING ACT 1984 |
| 650 | 2 | 4 | _aBUILDING REGULATIONS 2000 |
| 650 | 2 | 4 | _aBUILDING (APPROVED INSPECTORS ETC.) REGULATIONS 2000 |
| 651 | 4 |
_aUnited Kingdom _y |
|
| 690 | _aBUILT ENVIRONMENT-BUILDING STANDARDS-BUILDING CONTROL SURVEYORS | ||
| 856 | 4 | 0 |
_uhttps://www.communities.gov.uk/documents/planningandbuilding/pdf/enablingelectroniccommunicat.pdf _zView the item free of charge at www.communities.gov.uk... |
| 942 | _n0 | ||
| 999 |
_c107537 _d107537 |
||